Miguel Domingo Fuentes Lorén, pbro : (Record no. 24786)
[ view plain ]
| 000 -CABECERA | |
|---|---|
| campo de control de longitud fija | 00546nam a2200157 a 4500 |
| 001 - NÚMERO DE CONTROL | |
| campo de control | 000025293 |
| 005 - FECHA Y HORA DE LA ÚLTIMA TRANSACCIÓN | |
| campo de control | 20240320074001.0 |
| 008 - DATOS DE LONGITUD FIJA--INFORMACIÓN GENERAL | |
| campo de control de longitud fija | 110214s1997 dr 000 0 spa d |
| 040 ## - FUENTE DE LA CATALOGACIÓN | |
| Centro catalogador/agencia de origen | DO-SdBNP |
| Lengua de catalogación | spa |
| Centro/agencia transcriptor | BNPHU |
| 049 ## - FONDOS LOCALES (OCLC) | |
| Fondos de biblioteca | BNPD |
| 100 1# - ENTRADA PRINCIPAL--NOMBRE DE PERSONA | |
| Nombre de persona | Bello Peguero, Rafael, |
| Fechas asociadas al nombre | 1932-2022 |
| 9 (RLIN) | 2405 |
| 245 10 - MENCIÓN DE TÍTULO | |
| Título | Miguel Domingo Fuentes Lorén, pbro : |
| Resto del título | 1871-1922 / |
| Mención de responsabilidad, etc. | editor Rafael Bello Peguero. |
| 260 ## - PUBLICACIÓN, DISTRIBUCIÓN, ETC. | |
| Lugar de publicación, distribución, etc. | Barahona, República Dominicana : |
| Nombre del editor, distribuidor, etc. | Editora Amigo del Hogar, |
| Fecha de publicación, distribución, etc. | 1997. |
| 300 ## - DESCRIPCIÓN FÍSICA | |
| Extensión | 27 p. ; |
| Dimensiones | 23 cm. |
| 700 1# - PUNTO DE ACCESO ADICIONAL--NOMBRE DE PERSONA | |
| Nombre de persona | Bello Peguero, Rafael, |
| Fechas asociadas al nombre | 1932-2022 |
| Término indicativo de función/relación | ed. |
| 9 (RLIN) | 2405 |
| Estado de retiro | Estado de pérdida | Restricciones de uso | No para préstamo | Código de colección | Localización permanente | Ubicación/localización actual | Ubicación en estantería | Fecha de adquisición | Número de inventario | Total de préstamos | Signatura topográfica completa | Código de barras | Fecha visto por última vez | Número de copia | Precio válido a partir de | Tipo de ítem Koha |
|---|---|---|---|---|---|---|---|---|---|---|---|---|---|---|---|---|
| Dominicana de Servicio | General | General | En catalogación | 27.04.2011 | LF1 | 25293-30 | 25.06.2020 | e. 3 | 25.06.2020 | Libro y Folleto Colección Dominicana de Servicio | ||||||
| Excluido de préstamo | Patrimonio Dominicano | Patrimonio Dominicano | Patrimonio Dominicano | En catalogación | 14.02.2011 | LF1 | 25293-10 | 25.06.2020 | 25.06.2020 | Libro y Folleto Colección Patrimonio Dominicano | ||||||
| Excluido de préstamo | Patrimonio Dominicano | Patrimonio Dominicano | Patrimonio Dominicano | En catalogación | 14.02.2011 | LF1 | 25293-20 | 25.06.2020 | e. 2 | 25.06.2020 | Libro y Folleto Colección Patrimonio Dominicano |
